Statistics for Former Duchies

Click here to take the quiz!

General Stats

  • This quiz has been taken 40 times
  • The average score is 12 of 15

Answer Stats

Former Duchy / DukedomModern-Day Country% Correct
Duchy of BrittanyFrance
97%
Duchy of BohemiaCzechia
95%
Duchy of SwabiaGermany
95%
Duchy of CornwallUnited Kingdom
95%
Duchy of ParmaItaly
89%
Duchy of ScaniaSweden
86%
Duchy of LimburgBelgium
81%
Duchy of MasoviaPoland
81%
Duchy of IngriaRussia
81%
Duchy of Courland and SemigalliaLatvia
70%
Duchy of the ArchipelagoGreece
65%
Duchy of SamogitiaLithuania
65%
Duchy of CarniolaSlovenia
59%
Duchy of SurabayaIndonesia
57%
Duchy of TskhumiGeorgia
38%

Score Distribution

Percentile by Number Answered

Percent of People with Each Score

Your Score History

You have not taken this quiz